<?xml version="1.0" encoding="UTF-8"?>
<marc:record xmlns:marc="http://www.loc.gov/MARC21/slim">
   <marc:leader>00000nam a2200000 a 4500</marc:leader>
   <marc:datafield ind1="1" ind2=" " tag="100">
      <marc:subfield code="a">Yousafza, Malala</marc:subfield>
      <marc:subfield code="4">aut</marc:subfield>
      <marc:subfield code="e">Verfasser/-in</marc:subfield>
   </marc:datafield>
   <marc:datafield ind1=" " ind2=" " tag="653">
      <marc:subfield code="a">Biographie</marc:subfield>
   </marc:datafield>
   <marc:datafield ind1=" " ind2=" " tag="653">
      <marc:subfield code="a">Terrorismus</marc:subfield>
   </marc:datafield>
   <marc:datafield ind1=" " ind2=" " tag="653">
      <marc:subfield code="a">Krieg</marc:subfield>
   </marc:datafield>
   <marc:datafield ind1=" " ind2=" " tag="653">
      <marc:subfield code="a">Pakistan</marc:subfield>
   </marc:datafield>
   <marc:datafield ind1=" " ind2=" " tag="653">
      <marc:subfield code="a">Friedensnobelpreis</marc:subfield>
   </marc:datafield>
   <marc:datafield ind1="0" ind2="0" tag="245">
      <marc:subfield code="a">Malala. Meine Geschichte</marc:subfield>
   </marc:datafield>
   <marc:datafield ind1="0" ind2="0" tag="245">
      <marc:subfield code="b">Meine Geschichte</marc:subfield>
   </marc:datafield>
   <marc:datafield ind1=" " ind2="1" tag="264">
      <marc:subfield code="b">FISCHER TASCHENBUCH-VLG.</marc:subfield>
      <marc:subfield code="c">2015</marc:subfield>
   </marc:datafield>
   <marc:datafield ind1="1" ind2=" " tag="520">
      <marc:subfield code="a">MALALA YOUSAFZAI – AUSGEZEICHNET MIT DEM FRIEDENSNOBELPREIS
Malalas Schicksal bewegt die Welt
Zum ersten Mal erzählt die jüngste Friedensnobelpreisträgerin nun ihr Leben für jugendliche Leser selbst – einfühlsam, aufrüttelnd und direkt. Die damals fünfzehnjährige Malala wollte einfach nur zur Schule gehen – doch für die Taliban haben Mädchen kein Recht auf Bildung. Am 9. Oktober 2012 schossen ihr Terroristen in den Kopf, als sie auf dem Weg von der Schule nach Hause war. Malala hat den Anschlag schwer verletzt überlebt, doch aufgegeben hat sie nicht. Sie setzt ihren Kampf für Bildung unermüdlich fort und ist damit zum Vorbild vieler Jugendlicher auf der ganzen Welt geworden. In einer einzigartigen Zusammenarbeit mit der Bestsellerautorin Patricia McCormick gelingt es Malala auf höchst bewegende Weise und anhand vieler persönlicher Fotos und Dokumente, ihren jungen Lesern ein authentisches Bild von ihrem Leben und den Ereignissen in Pakistan zu vermitteln. Sie berichtet von ihrer Schulzeit und ihren Freundinnen, davon, wie die Anfeindungen der Extremisten täglich zunahmen, wie sie Widerstand leistete und ihr Leben dadurch eine tragische Wendung nahm.
Mit vielen Fotos, Karten, Glossar und Zeittafel, um das Verständnis der komplexen Geschichte Pakistans und der Taliban zu erleichtern</marc:subfield>
   </marc:datafield>
   <marc:datafield ind1=" " ind2=" " tag="020">
      <marc:subfield code="a">9783596856602</marc:subfield>
      <marc:subfield code="9">9783596856602</marc:subfield>
   </marc:datafield>
</marc:record>
